000 00910nam a22002531 4500
001 105501
003 ES-MaACL
005 20230906183915.0
007 t|
008 060720s1968 sp ||||0| spa d
016 7 _zIND2000928879
040 _aM-BN
_bspa
_cCDM
080 _a92(46)"19":32(049.3)
080 _a32:92(46)"19"(049.3)
100 1 _aVilar, Sergio.
_9114802
245 1 0 _aProtagonistas de la España democrática
_b: la oposición a la dictadura 1939-1969 /
_cSergio Vilar.
260 _aBarcelona ;
_aParís ;
_aMadrid :
_bEdiciones Sociales,
_c[1968] (
_eParis :
_fImprimerie Mazarine)
300 _a743 p., 1 h ;
_c21 cm.
500 _aBiblioteca Juan Andrade.
650 1 4 _aPolíticos-
_zEspaña-
_vEntrevistas.
_916314
651 4 _aEspaña-
_xHistoria-
_y1939-1975, Dictadura.
_9167928
740 3 _aLa oposición a la dictadura 1939-1969.
852 _aES-MaACL
_jAND-314
_bR.109619
999 _c105501
_d105501